¿Avanzamos hacia universidades ms̀ inclusivas? De la retr̤ica a los hechos /

Detalles Bibliográficos
Autor principal: Mr̀quez Vz̀quez, Carmen
Formato: eBook
Lenguaje:español
Publicado: Madrid: Dykinson, 2019
Materias:
Acceso en línea:Acceso restringido

MARC

LEADER 00000nam a22000007a 4500
005 20191115105247.0
007 cr|||| ||||
008 191115s2019 es |||||s|||| 00||0 spa d
020 |a 978-84-1324-303-0 
035 |a 30607 
040 |a vLex 
090 |c 10023  |d 10023 
100 1 |a Mr̀quez Vz̀quez, Carmen 
245 1 0 |a ¿Avanzamos hacia universidades ms̀ inclusivas?  |h [Recurso electrn̤ico] :  |b De la retr̤ica a los hechos /  |c Carmen Mr̀quez Vz̀quez 
256 |a Servicio en ln̕ea 
260 |a Madrid:  |b Dykinson,  |c 2019 
300 |a 1 recurso electrn̤ico 
506 1 |a Disponible solo en los productos indicados  |d vLex Global  |d vLex Global (Academic Edition, excluding Law Schools)  |d vLex Global (U.S. Academic Edition, Law Schools)  |d vLex Global (U.S. Academic Edition, excluding Law Schools)  |d vLex Global (Academic Edition, Law Schools) 
650 0 4 |a Derecho Pb︢lico y Administrativo  |z Espaą 
740 0 |a vLex Libros (Servicio en ln̕ea) 
856 4 0 |u http://vlex.com/source/avanzamos-universidades-mas-inclusivas-retorica-hechos-30607  |z Acceso restringido 
942 |c BOOK 
999 0 |a Public and Administrative Law